000 01007nam a2200193 a 4500
001 56174
005 20180714051819.0
008 140415s2001 xxu 000 0 eng d
020 _a97802532146900
041 _aeng
082 _a070.18
_bNIC
100 1 _aNichols, Bill,.
245 1 0 _aINTRODUCTION TO DOCUMENTARY
250 _a1a ed.
260 _aESTADOS UNIDOS DE AMERICA :
_bINDIANA UNIVERSITY PRESS,
_c2001
300 _a223
_c16.5 x 1.5 x 23
520 _aTHE FIRST BOOK TO PROVIDE A COMPREHENSIVE INTRODUCTION TO THE ISSUES AND CONCEPTS THAT CHARACTERIZE DOCUMENTARY FILM AND VIDEO PRODUCTION. INTRODUCTION TO DOCUMENTARY PROVIDES A ONE-OF-A-KIND OVER-VIEW OF THE MOST IMPORTANT TOPICS AND ISSUES IN DOCUMENTARY HISTORY AND CRITICISM. DESIGNED FOR STUDENTS IN ANY FIELD THAT MAKES USE OF VISUAL EVIDENCE AND PERSUASIVE STRATEGIES-FROM THE LAW TO ANTHROPOLOGY, AND FROM HISTORY TO JOURNALISM-THIS BOOK SPELLS OUT THE DISTINGUISHING QUALITIES OF D
650 1 4 _aCINE DOCUMENTAL
999 _c56174
_d56174